| 000 | 00649nam a22002057a 4500 | ||
|---|---|---|---|
| 005 | 20251108164213.0 | ||
| 008 | 250721s1992 xx 000 0 ara d | ||
| 082 | 1 | 4 | _a211.63/حفن |
| 100 | 1 | _aخفني، عبد الحليم | |
| 245 | 1 | 0 | _aالتصوير الساخر في القرآن الكريم / |
| 264 | 1 |
_aالقاهرة : _bالهيئة المصرية العامة للكتاب، _c1992. |
|
| 300 | _a241ص. | ||
| 650 | 1 | 7 | _aالقرآن الكريم |
| 650 | 1 | 7 | _aالبلاغة |
| 650 | 1 | 7 | _aألفاظ القرآن |
| 650 | 1 | 7 | _aمعاني القرآن |
| 650 | 1 | 7 | _aأحكام القرآن |
| 942 |
_2ddc _cBK |
||
| 999 |
_c6271 _d6271 |
||